Central Library OPAC University of Rajshahi

লোক প্রশাসনের রুপরেখা / (Record no. 79613)

MARC details
000 -LEADER
fixed length control field 01025nam a2200229 a 4500
001 - CONTROL NUMBER
control field 79613
003 - CONTROL NUMBER IDENTIFIER
rucl marc code BD-RjUL
005 - DATE AND TIME OF LATEST TRANSACTION
control field 20220324163736.0
008 - FIXED-LENGTH DATA ELEMENTS--GENERAL INFORMATION
fixed length control field 220324s2000 bg ||||| |||| 00| 0 ben d
035 ## - SYSTEM CONTROL NUMBER
System control number (BD-RjUL)79613
040 ## - CATALOGING SOURCE
Original cataloging agency BD-RjUL
Language of cataloging eng
Transcribing agency BD-RjUL
041 ## - LANGUAGE CODE
Language code of text/sound track or separate title ben
082 ## - DEWEY DECIMAL CLASSIFICATION NUMBER
Edition number 23
Classification number 350
Author mark and year BHL 2000
100 ## - MAIN ENTRY--PERSONAL NAME
Personal name ভূঁইয়া, মোহাম্মদ আবদুল ওদুদ
9 (RLIN) 2048
245 10 - TITLE STATEMENT
Title লোক প্রশাসনের রুপরেখা /
Statement of responsibility, etc. মোহাম্মদ আবদুল ওদুদ ভূঁইয়া
250 ## - EDITION STATEMENT
Edition statement ৪র্থ পরিবর্তিত, পরিমার্জিত ও পরিবর্ধিত সং.
260 ## - PUBLICATION, DISTRIBUTION, ETC. (IMPRINT)
Place of publication, distribution, etc. ঢাকা :
Name of publisher, distributor, etc. গ্লোব লাইব্রেরী (প্রা:) লিমিটেড,
Date of publication, distribution, etc. ১৯৯৮ [পুনর্মুদ্রণ ২০০০]
300 ## - PHYSICAL DESCRIPTION
Pagination ৩৩৬ পৃ.;
Size ২৪ সেমি.
650 ## - SUBJECT ADDED ENTRY--TOPICAL TERM
Topical term or geographic name as entry element লোকশাসন
9 (RLIN) 2049
Topical term or geographic name as entry element Public administration
942 ## - ADDED ENTRY ELEMENTS (KOHA)
Source of classification or shelving scheme Dewey Decimal Classification
Koha item type Books
Holdings
Lost status Source of classification or shelving scheme Damaged status Not for loan Collection code Permanent Location Current Location Shelving location Date acquired Source of acquisition Cost, normal purchase price Total Checkouts Full call number Date last seen Copy number Koha item type
  Dewey Decimal Classification   Not For Loan Non-fiction Central Library, University of Rajshahi Central Library, University of Rajshahi Reading Room 14/01/2001 Islamia Library 200.00   B 350 BHL 2000 24/03/2022 C-1 Books